Vývojové trendy bankových sústav - modely centrálneho bankovníctva diplomová práca

Gespeichert in:
Bibliographische Detailangaben
1. Verfasser: Diškanová, Nikola
Körperschaft: Národohospodárska fakulta EU. Katedra ekonómie
Weitere Verfasser: Novák, Marcel, 1979-
Format: Buch
Sprache:Slowakisch
Veröffentlicht: Bratislava 2018
Tags: Tag hinzufügen
Keine Tags, Fügen Sie das erste Tag hinzu!

MARC

LEADER 00000nbm a2200000 4500
001 0244202
005 20181114085442.4
041 0 |a slo 
044 |a SK 
245 1 0 |a Vývojové trendy bankových sústav - modely centrálneho bankovníctva  |b diplomová práca  |c Nikola Diškanová ; školiteľ: Marcel Novák 
264 1 |a Bratislava  |c 2018 
300 |a 78 s. 
100 1 |a Diškanová, Nikola 
700 1 |a Novák, Marcel, 1979- 
710 2 |a Národohospodárska fakulta EU. Katedra ekonómie